| 000 | 00522nam a2200157 a 4500 | ||
|---|---|---|---|
| 001 | 000039419 | ||
| 005 | 20201002031636.0 | ||
| 008 | 130626s2007 dr ac 000 0 spa d | ||
| 040 |
_aDO-SdBNP _bspa _cBNPHU |
||
| 100 | 1 |
_aLeón Bello, Freddy de _965616 |
|
| 245 | 1 | 0 |
_aHistoria de Yamasa / _cFreddy de León Bello. |
| 260 |
_a[Santo Domingo] : _bSena Pérez, _c2007. |
||
| 300 |
_av. : _bils. ; _c23 cm. |
||
| 500 | _aIncluye datos biográficos del autor en la solapa de la cubierta | ||
| 500 | _aLa biblioteca posee el tomo I | ||
| 999 |
_c38909 _d38909 |
||